• 首页
  • 本馆介绍
  • 公告通知
  • 最新文献
  • 馆藏检索
  • 电子资源
  • 读者导购
  • 参考咨询
  • 我的图书馆
  • 登录
  • 详细信息显示
  • 放入我的书架
  • 预约/预借图书
  • 作者相关作品
  • 分类相关作品
  • 丛书相关作品
  • 出版社相关作品

书目信息

  • 表格格式
  • 工作单格式
  • 卡片格式
题名:
优势谈判心理学
    
 
作者: 张维维 著
分册:  
出版信息: 北京   北京燕山出版社有限公司  2023
页数: 210页
开本: 21cm
丛书名:
单 册:
中图分类: C912.35 , C912.3
科图分类:
主题词: 谈判学--社会心理学--通俗读物
电子资源:
ISBN: 978-7-5402-6650-9
000 00952nam0 2200229 450
001 2472526330
005 20240907200859.01
010    @a978-7-5402-6650-9@dCNY38.00
100    @a20230410d2023 em y0chiy0120 ea
101 0  @achi
102    @aCN@b110000
105    @ay z 000yy
200 1  @a优势谈判心理学@9you shi tan pan xin li xue@b专著@f张维维著
210    @a北京@c北京燕山出版社有限公司@d2023
215    @a210页@d21cm
330    @a本书以谈判心理为切入点,结合生动真实的案例,从独特的心理学视角,为读者提供优势谈判的指南,揭示心理学在谈判中的运用,比如,如何从对手的反应中获得更多信息;如何营造强大的气场,占据心理优势;如何抓住对方的弱点,突破其心理防线;如何化解剑拔弩张的敌对情绪,打破谈判僵局;如何说服对方心悦诚服地做出让步,达成谈判目标等。
606 0  @a谈判学@x社会心理学@j通俗读物
690    @aC912.35@v5
690    @aC912.3@v4
701  0 @a张维维@9zhang wei wei@4著
801  2 @aCN@b58marc.cn@c20230410
905    @aZUCC@dC912.3@e311
    
    优势谈判心理学/张维维著.-北京:北京燕山出版社有限公司,2023
    210页;21cm
    
    
    ISBN 978-7-5402-6650-9:CNY38.00
    本书以谈判心理为切入点,结合生动真实的案例,从独特的心理学视角,为读者提供优势谈判的指南,揭示心理学在谈判中的运用,比如,如何从对手的反应中获得更多信息;如何营造强大的气场,占据心理优势;如何抓住对方的弱点,突破其心理防线;如何化解剑拔弩张的敌对情绪,打破谈判僵局;如何说服对方心悦诚服地做出让步,达成谈判目标等。
●
相关链接 在五车中查询图书 在当当中查询图书 在豆瓣中查询图书


正题名:优势谈判心理学     索取号:C912.3/311         预约/预借

序号 登录号 条形码 馆藏地/架位号 状态 备注
1 2001763207   2001763207   第四书库/ [索取号:C912.3/311] 在馆    
2 2001763208   2001763208   第四书库/ [索取号:C912.3/311] 在馆    
3 2001763209   2001763209   第四书库/四26架B面6层3列/ [索取号:C912.3/311] 在馆    
4 2001763210   2001763210   第四书库/四26架B面6层3列/ [索取号:C912.3/311] 在馆    
5 2001763211   2001763211   第四书库/四26架B面6层3列/ [索取号:C912.3/311] 在馆    
6 2001763212   2001763212   第四书库/四26架B面6层3列/ [索取号:C912.3/311] 在馆    
山东省滨州职业学院图书馆 欢迎您!
大连网信软件有限公司© 版权所有